000 00189nam a2200073Ia 4500
008 170524s9999 xx 000 0 und d
100 _aSHIMP-TERENCE A
245 0 _aADVERTISING AND PROMOTION
260 _bNEW DELHI: CENGAGE
999 _c8545
_d8545